Регионална библиотека "Любен Каравелов" - Русе

Глиненият магьосник (Запис номер 140811)

MARC детайли
000 -Лидер
Контролно поле с фиксирана дължина 01162nam a2200301 c 4500
003 - Код на организацията, давaща контролен номер
Контролно поле BLK
005 - Дата и час на последна редакция
Контролно поле 20180422112311.0
008 - Елементи от данни с фиксирана дължина
fixed length control field 180409b bul|||||r ||||||| ||bul||
010 ## - Наследен системен номер
LC control number KNG00146880000
040 ## - Източник на каталожния запис
Идентификатор на билиотеката - собственик на записа BLK
041 ## - Код за език
Код за езика на текст/звукозапис или на отделно заглавие Български
Код за езика КДБФ Български
080 ## - УДК
Текстов определител УДК Българска литература
УДК код - определител по УДК 821.163.2
УДК определител -93-34
УДК - код + определител 821.163.2-93-34
100 1# - Редна дума - Автор
Автор Гочева, Ева
Авторска отговорност първи автор
R(LIN) 327208
139 ## - Редно поле
Редна дума Гочева, Ева
Авторски знак Гоч - Г 72
245 10 - Сведения за заглавието
Заглавие Глиненият магьосник
Подзаглавни данни Науч.-худож. кн. : За деца
Редно поле (дума) Ева Гочева; нарис. Стефан Марков.
257 ## - Страна на издаване
Страна на създаване/издаване България
260 ## - Област на издателските данни
-- София
Име на издателя, разпространителя и проч. Отечество
Година на издаване 1982
300 ## - Физическа характеристика
Страници 30 с.
Илюстрации и др. с ил.
Размери/Мащаб 33 см
380 ## - Жанр
Жанр Детска худож. лит.
490 1# - СЕРИИ (Колекции)
Име на серия Поредица Зайко Всезнайко : За 4 - 6 годишна възраст
500 ## - Общи забележки
Забележка 30 115 тир.
700 1# - Други автори (авторска отговорност)
Лично име Марков, Стефан
Автороска отговорност (Описва отношението между автора и произведението) нарис.
9 (RLIN) 367301
852 ## - Местоположение
Форматна сигнатура Цб ІІ 18287
856 4# - Електронен адрес и достъп
Електронен формат pdf - файл
Път до файла /url/
856 4# - Електронен адрес и достъп
Електронен формат pdf - файл
Път до файла /url/
942 ## - АРТИКУЛИ
Вид на библиотечния материал Книги
Скрит в OPAC Не
944 ## - СЪЗДАВАНЕ И РЕДАКЦИЯ на ЗАПИСА
Създаване/Редакция Създаване
Дата на регистрацията/редакция 23.07.2013
Статус, дата на статуса 23.07.2013 - от С1,Р / 23.07.2013
Служител, извършил регистрацията/редакцията Елиза_Атанасова
944 ## - СЪЗДАВАНЕ И РЕДАКЦИЯ на ЗАПИСА
Създаване/Редакция Редакция
Дата на регистрацията/редакция 23.07.2013
Статус, дата на статуса 23.07.2013 - от С1,Р / 23.07.2013
Служител, извършил регистрацията/редакцията
999 ## - СИСТЕМНИ КОНТРОЛНИ НОМЕРА
Koha biblionumber 140811
Koha biblioitemnumber 140811
Наличности
Код за отписване Код за изгубен артикул Източник на класификационната схема Код за повреда Коз за рестрикции Код за отдаване Артикулен № Име на библиотеката - собственик Име на библиотеката, в която се намира в момента Статус (Текущо местоположение) Дата на вписване в системата Местоположение - отдел Цена в лева Инвентарен номер Систематично азбучна сигнатура Баркод Номер на екземпляра Цена в евро Служебна бележка Служебен тип на артикула
  Не е изгубен Universal Decimal Classification Не е повреден само за читалня ползва се в читалня 231242 Регионална библиотека "Любен Каравелов" Русе Регионална библиотека "Любен Каравелов" Русе Хранилище 1982-01-01 Хранилище 0.80 361287 Цб ІІ 18287 120000361287 1 0.41 Вид: СФ N: стар фонд Дата: 01.01.1982 Книги
Изтеглен Не е изгубен Universal Decimal Classification Не е повреден без рестрикции заемане за дома 231243 Регионална библиотека "Любен Каравелов" Русе Регионална библиотека "Любен Каравелов" Русе Детски отдел 1982-01-01 Детски отдел 0.80 361119 ДХ 886.7/Г 72 361119 2 0.41 Вид: СФ N: стар фонд Дата: 01.01.1982 Дата инв: 18.09.2015 Бележки инв: Д2015 Книги
Vip Innovations Ltd, Rousse, Bulgaria 2025